COUNSELLING SKILLS FOR EDUCATIONIST (Record no. 18979)

MARC details
000 -LEADER
fixed length control field 00270nam a22001217a 4500
003 - CONTROL NUMBER IDENTIFIER
control field SGT
082 ## - DEWEY DECIMAL CLASSIFICATION NUMBER
Classification number 370
Item number NAI
100 ## - MAIN ENTRY--PERSONAL NAME
Personal name NAIK, DR. PARUL S.
245 ## - TITLE STATEMENT
Title COUNSELLING SKILLS FOR EDUCATIONIST
260 ## - PUBLICATION, DISTRIBUTION, ETC. (IMPRINT)
Place of publication, distribution, etc JAIPUR
Name of publisher, distributor, etc ASD PUB.
Year of Publication 2013
300 ## - PAGE DESCRIPTION
No. of Pages 248
942 ## - ADDED ENTRY ELEMENTS (KOHA)
Source of classification or shelving scheme Dewey Decimal Classification
Koha item type Books
Holdings
Withdrawn status Lost status Source of classification or shelving scheme Damaged status Not for loan Collection code Home library Current library Date acquired SGTU Full call number Accession No. (Barcode) Date last seen Bill Date Koha item type
    Dewey Decimal Classification     EDUCATION SGT Engineering Library SGT Engineering Library 31/08/2019 SGTU 370 NAI ED4380 31/08/2019 31/08/2019 Books
    Dewey Decimal Classification     EDUCATION SGT Engineering Library SGT Engineering Library 31/08/2019 SGTU 370 NAI ED4381 31/08/2019 31/08/2019 Books